<?xml version="1.0" encoding="UTF-8"?>
<record
    xmlns:xsi="http://www.w3.org/2001/XMLSchema-instance"
    xsi:schemaLocation="http://www.loc.gov/MARC21/slim http://www.loc.gov/standards/marcxml/schema/MARC21slim.xsd"
    xmlns="http://www.loc.gov/MARC21/slim">

  <leader>03153cam a22004574i 4500</leader>
  <controlfield tag="003">PE-LiUPU</controlfield>
  <controlfield tag="005">20250731165437.0</controlfield>
  <controlfield tag="008">160523s2016    pe a   grm    000 0 spa d</controlfield>
  <datafield tag="035" ind1=" " ind2=" ">
    <subfield code="a">(Sirsi) a156798</subfield>
  </datafield>
  <datafield tag="040" ind1=" " ind2=" ">
    <subfield code="a">PE-LiUPU</subfield>
    <subfield code="b">spa</subfield>
    <subfield code="c">PE-LiUPU</subfield>
    <subfield code="e">rda</subfield>
  </datafield>
  <datafield tag="099" ind1=" " ind2=" ">
    <subfield code="a">TEF 2</subfield>
    <subfield code="b">M53 2016</subfield>
  </datafield>
  <datafield tag="100" ind1="1" ind2=" ">
    <subfield code="a">Michue Mesares, Danixa Stefania</subfield>
    <subfield code="e">autor</subfield>
  </datafield>
  <datafield tag="245" ind1="1" ind2=" ">
    <subfield code="a">Efectividad del programa "cuidando lo que m&#xE1;s amo" en la mejora del nivel de conocimiento, actitudes y pr&#xE1;cticas sobre la alimentaci&#xF3;n saludable en los padres de ni&#xF1;os de 4 y 5 a&#xF1;os de la I.E. Jard&#xED;n de Ni&#xF1;os N&#xB0; 115, Chaclacayo, Lima, 2015 /</subfield>
    <subfield code="c">Danixa Stefania Michue Mesares.</subfield>
  </datafield>
  <datafield tag="264" ind1=" " ind2="0">
    <subfield code="c">2016.</subfield>
  </datafield>
  <datafield tag="300" ind1=" " ind2=" ">
    <subfield code="a">173 hojas : </subfield>
    <subfield code="b">ilustraciones;</subfield>
    <subfield code="c">30 cm</subfield>
  </datafield>
  <datafield tag="336" ind1=" " ind2=" ">
    <subfield code="a">text</subfield>
    <subfield code="2">rdacontent</subfield>
  </datafield>
  <datafield tag="337" ind1=" " ind2=" ">
    <subfield code="a">unmediated</subfield>
    <subfield code="2">rdamedia</subfield>
  </datafield>
  <datafield tag="338" ind1=" " ind2=" ">
    <subfield code="a">volume</subfield>
    <subfield code="2">rdacarrier</subfield>
  </datafield>
  <datafield tag="502" ind1=" " ind2=" ">
    <subfield code="a">Tesis</subfield>
    <subfield code="b">(Lic.) -- </subfield>
    <subfield code="c">Universidad Peruana Uni&#xF3;n,</subfield>
    <subfield code="d">2016.</subfield>
  </datafield>
  <datafield tag="504" ind1=" " ind2=" ">
    <subfield code="a">Incluye bibliograf&#xED;a</subfield>
  </datafield>
  <datafield tag="520" ind1="3" ind2=" ">
    <subfield code="a">Objetivo: Fue determinar la efectividad del programa "Cuidando lo que m&#xE1;s amo" en la mejora del nivel de conocimientos, actitudes y pr&#xE1;cticas sobre la alimentaci&#xF3;n saludable en los padres de ni&#xF1;os de 4 y 5 a&#xF1;os de la I.E. Jard&#xED;n de ni&#xF1;os N&#xB0; 115, Chaclacayo. Metodolog&#xED;a y m&#xE9;todos: Estudio de dise&#xF1;o pre experimental, de enfoque cuantitativo y corte longitudinal, se aplic&#xF3; el pretest y postest. Se utiliz&#xF3; muestreo no probabil&#xED;stico de conveniencia y estuvo conformado por 30 padres de ni&#xF1;os de 4 y 5 a&#xF1;os. El programa fue organizado en doce sesiones educativas te&#xF3;ricas pr&#xE1;cticas. Los instrumentos utilizados fueron tres diferentes cuestionarios, para medir el nivel de conocimientos (Mamani, 2011), el nivel de actitud (Marrufo, 2012), el nivel de pr&#xE1;ctica (S&#xE1;nchez, 2012), los cuales cumplen con los criterios de validez y confiabilidad. Resultados: Antes de aplicar el programa, el 60% obtuvo un nivel de conocimiento regular sobre alimentaci&#xF3;n saludable, despu&#xE9;s del programa el 90% obtuvo un conocimiento bueno (p=000), en cuanto a las actitudes, antes del programa el 96.7% present&#xF3; actitudes positivas y despu&#xE9;s al 100%. Se evidenci&#xF3; cambios en los &#xED;tems de respuesta, antes predominaba la respuesta indiferente 76.7% y despu&#xE9;s el 100% de acuerdo (p=.000), y en el nivel de pr&#xE1;cticas antes presentaron un 100% pr&#xE1;cticas deficientes y despu&#xE9;s el 70% obtuvo un nivel de pr&#xE1;ctica entre bueno y regular (p=.000). Conclusiones: El programa educativo "Cuidando lo que m&#xE1;s amo" fue efectivo, mejor&#xF3; el nivel de conocimientos, actitudes y pr&#xE1;ctica en los padres de ni&#xF1;os de 4 y 5 a&#xF1;os.</subfield>
  </datafield>
  <datafield tag="526" ind1=" " ind2=" ">
    <subfield code="a">SEG44</subfield>
  </datafield>
  <datafield tag="526" ind1=" " ind2=" ">
    <subfield code="a">SEG26</subfield>
  </datafield>
  <datafield tag="526" ind1=" " ind2=" ">
    <subfield code="a">P151</subfield>
  </datafield>
  <datafield tag="526" ind1=" " ind2=" ">
    <subfield code="a">P150</subfield>
  </datafield>
  <datafield tag="526" ind1=" " ind2=" ">
    <subfield code="a">P149</subfield>
  </datafield>
  <datafield tag="526" ind1=" " ind2=" ">
    <subfield code="a">P146</subfield>
  </datafield>
  <datafield tag="526" ind1=" " ind2=" ">
    <subfield code="a">P145</subfield>
  </datafield>
  <datafield tag="526" ind1=" " ind2=" ">
    <subfield code="a">P126</subfield>
  </datafield>
  <datafield tag="526" ind1=" " ind2=" ">
    <subfield code="a">P125</subfield>
  </datafield>
  <datafield tag="526" ind1=" " ind2=" ">
    <subfield code="a">P92</subfield>
  </datafield>
  <datafield tag="526" ind1=" " ind2=" ">
    <subfield code="a">P75</subfield>
  </datafield>
  <datafield tag="526" ind1=" " ind2=" ">
    <subfield code="a">P74</subfield>
  </datafield>
  <datafield tag="526" ind1=" " ind2=" ">
    <subfield code="a">P27</subfield>
  </datafield>
  <datafield tag="526" ind1=" " ind2=" ">
    <subfield code="a">P15</subfield>
  </datafield>
  <datafield tag="650" ind1="0" ind2="4">
    <subfield code="a">Padres</subfield>
    <subfield code="x">H&#xE1;bitos alimentarios</subfield>
    <subfield code="v">Tesis.</subfield>
  </datafield>
  <datafield tag="700" ind1="1" ind2=" ">
    <subfield code="a">Ramirez Luque, Lucero Nataly</subfield>
    <subfield code="e">autor</subfield>
  </datafield>
  <datafield tag="596" ind1=" " ind2=" ">
    <subfield code="a">1</subfield>
  </datafield>
  <datafield tag="942" ind1=" " ind2=" ">
    <subfield code="2">ddc</subfield>
    <subfield code="c">TESIS</subfield>
  </datafield>
  <datafield tag="999" ind1=" " ind2=" ">
    <subfield code="a">TEF 2 M53 2016</subfield>
    <subfield code="w">ALPHANUM</subfield>
    <subfield code="c">9448</subfield>
    <subfield code="i">T01941</subfield>
    <subfield code="l">CCODEBUL3</subfield>
    <subfield code="m">BUL</subfield>
    <subfield code="r">1</subfield>
    <subfield code="s">Y</subfield>
    <subfield code="t">TESIS</subfield>
    <subfield code="u">2016-5-23</subfield>
    <subfield code="x">SALUD</subfield>
    <subfield code="P">P22</subfield>
    <subfield code="o">.STAFF. Tesis</subfield>
    <subfield code="d">9448</subfield>
  </datafield>
  <datafield tag="980" ind1=" " ind2=" ">
    <subfield code="8">1</subfield>
    <subfield code="g">ALBERTO SANCHEZ Responsable de Automatizaci&#xF3;n</subfield>
  </datafield>
  <datafield tag="952" ind1=" " ind2=" ">
    <subfield code="r">2022-07-06 00:00:00</subfield>
    <subfield code="l">0</subfield>
    <subfield code="o">TEF 2 M53 2016</subfield>
    <subfield code="p">T01941</subfield>
    <subfield code="t">e1</subfield>
    <subfield code="w">2016-05-23</subfield>
    <subfield code="x">FCS</subfield>
    <subfield code="y">TESIS</subfield>
    <subfield code="z">Este &#xCD;tem NO se presta por ser Ejemplar #1.</subfield>
    <subfield code="1">0</subfield>
    <subfield code="2">ddc</subfield>
    <subfield code="7">1</subfield>
    <subfield code="8">TESIS</subfield>
    <subfield code="f">P22</subfield>
    <subfield code="a">BUL</subfield>
    <subfield code="b">BUL</subfield>
    <subfield code="c">TESIS</subfield>
    <subfield code="d">2016-05-23</subfield>
  </datafield>
</record>
